<?xml version="1.0" encoding="UTF-8"?>
<record
    xmlns:xsi="http://www.w3.org/2001/XMLSchema-instance"
    xsi:schemaLocation="http://www.loc.gov/MARC21/slim http://www.loc.gov/standards/marcxml/schema/MARC21slim.xsd"
    xmlns="http://www.loc.gov/MARC21/slim">

  <leader>01829nam a22002297a 4500</leader>
  <controlfield tag="003">NALT</controlfield>
  <controlfield tag="005">20230220125644.0</controlfield>
  <controlfield tag="008">      s2555    th ||||| |||| 00| 0 tha d</controlfield>
  <datafield tag="020" ind1=" " ind2=" ">
    <subfield code="a">9786162691157</subfield>
  </datafield>
  <datafield tag="040" ind1=" " ind2=" ">
    <subfield code="a">NALT</subfield>
  </datafield>
  <datafield tag="090" ind1=" " ind2=" ">
    <subfield code="a">KS 48.1 </subfield>
    <subfield code="b">&#xE2A;447&#xE2B; 2555</subfield>
  </datafield>
  <datafield tag="100" ind1="0" ind2=" ">
    <subfield code="a">&#xE2A;&#xE2B;&#xE18;&#xE19; &#xE23;&#xE31;&#xE15;&#xE19;&#xE44;&#xE1E;&#xE08;&#xE34;&#xE15;&#xE23;</subfield>
    <subfield code="9">18910</subfield>
  </datafield>
  <datafield tag="245" ind1="1" ind2="0">
    <subfield code="a">&#xE2B;&#xE25;&#xE31;&#xE01;&#xE01;&#xE0E;&#xE2B;&#xE21;&#xE32;&#xE22;&#xE15;&#xE31;&#xE4B;&#xE27;&#xE40;&#xE07;&#xE34;&#xE19; /</subfield>
    <subfield code="c">&#xE2A;&#xE2B;&#xE18;&#xE19; &#xE23;&#xE31;&#xE15;&#xE19;&#xE44;&#xE1E;&#xE08;&#xE34;&#xE15;&#xE23;.</subfield>
  </datafield>
  <datafield tag="250" ind1=" " ind2=" ">
    <subfield code="a">&#xE1E;&#xE34;&#xE21;&#xE1E;&#xE4C;&#xE04;&#xE23;&#xE31;&#xE49;&#xE07;&#xE17;&#xE35;&#xE48; 9.</subfield>
  </datafield>
  <datafield tag="260" ind1=" " ind2=" ">
    <subfield code="a">&#xE01;&#xE23;&#xE38;&#xE07;&#xE40;&#xE17;&#xE1E;&#xE2F; : </subfield>
    <subfield code="b">&#xE27;&#xE34;&#xE0D;&#xE0D;&#xE39;&#xE0A;&#xE19;, </subfield>
    <subfield code="c">2555.</subfield>
  </datafield>
  <datafield tag="300" ind1=" " ind2=" ">
    <subfield code="a">375 &#xE2B;&#xE19;&#xE49;&#xE32; ;</subfield>
    <subfield code="b"> </subfield>
    <subfield code="c">24 &#xE0B;&#xE21;.</subfield>
  </datafield>
  <datafield tag="505" ind1="1" ind2=" ">
    <subfield code="a">&#xE1A;&#xE17;&#xE17;&#xE35;&#xE48; 1 &#xE2A;&#xE31;&#xE0D;&#xE0D;&#xE32;&#xE15;&#xE31;&#xE4B;&#xE27;&#xE40;&#xE07;&#xE34;&#xE19; -- &#xE1A;&#xE17;&#xE17;&#xE35;&#xE48; 2 &#xE04;&#xE39;&#xE48;&#xE2A;&#xE31;&#xE0D;&#xE0D;&#xE32;&#xE43;&#xE19;&#xE15;&#xE31;&#xE4B;&#xE27;&#xE40;&#xE07;&#xE34;&#xE19; -- &#xE1A;&#xE17;&#xE17;&#xE35;&#xE48; 3 &#xE01;&#xE32;&#xE23;&#xE2D;&#xE2D;&#xE01;&#xE15;&#xE31;&#xE4B;&#xE27;&#xE41;&#xE25;&#xE01;&#xE40;&#xE07;&#xE34;&#xE19; -- &#xE1A;&#xE17;&#xE17;&#xE35;&#xE48; 5 &#xE01;&#xE32;&#xE23;&#xE23;&#xE31;&#xE1A;&#xE23;&#xE2D;&#xE07; -- &#xE1A;&#xE17;&#xE17;&#xE35;&#xE48; 6 &#xE2D;&#xE32;&#xE27;&#xE31;&#xE25; -- &#xE1A;&#xE17;&#xE17;&#xE35;&#xE48; 7 &#xE01;&#xE32;&#xE23;&#xE43;&#xE0A;&#xE49;&#xE40;&#xE07;&#xE34;&#xE19; -- &#xE1A;&#xE17;&#xE17;&#xE35;&#xE48; 8 &#xE01;&#xE32;&#xE23;&#xE2A;&#xE2D;&#xE14;&#xE40;&#xE02;&#xE49;&#xE32;&#xE41;&#xE01;&#xE49;&#xE2B;&#xE19;&#xE49;&#xE32; -- &#xE1A;&#xE17;&#xE17;&#xE35;&#xE48; 9 &#xE2A;&#xE34;&#xE17;&#xE18;&#xE34;&#xE44;&#xE25;&#xE48;&#xE40;&#xE1A;&#xE35;&#xE49;&#xE22; -- &#xE1A;&#xE17;&#xE17;&#xE35;&#xE48; 10 &#xE15;&#xE31;&#xE4B;&#xE27;&#xE41;&#xE25;&#xE01;&#xE40;&#xE07;&#xE34;&#xE19;&#xE40;&#xE1B;&#xE47;&#xE19;&#xE2A;&#xE33;&#xE23;&#xE31;&#xE1A; -- &#xE1A;&#xE17;&#xE17;&#xE35;&#xE48; 11 &#xE15;&#xE31;&#xE4B;&#xE27;&#xE2A;&#xE31;&#xE0D;&#xE0D;&#xE32;&#xE43;&#xE0A;&#xE49;&#xE40;&#xE07;&#xE34;&#xE19; -- &#xE1A;&#xE17;&#xE17;&#xE35;&#xE48; 12 &#xE40;&#xE0A;&#xE47;&#xE04; -- &#xE1A;&#xE17;&#xE17;&#xE35;&#xE48; 13 &#xE2D;&#xE32;&#xE22;&#xE38;&#xE04;&#xE27;&#xE32;&#xE21; -- &#xE1A;&#xE17;&#xE17;&#xE35;&#xE48; 14 &#xE15;&#xE31;&#xE4B;&#xE27;&#xE40;&#xE07;&#xE34;&#xE19;&#xE1B;&#xE25;&#xE2D;&#xE21; &#xE15;&#xE31;&#xE4B;&#xE27;&#xE40;&#xE07;&#xE34;&#xE19;&#xE16;&#xE39;&#xE01;&#xE2B;&#xE25;&#xE31;&#xE01; &#xE15;&#xE31;&#xE4B;&#xE27;&#xE40;&#xE07;&#xE34;&#xE19;&#xE2B;&#xE32;&#xE22; -- &#xE1A;&#xE17;&#xE17;&#xE35;&#xE48; 15 &#xE01;&#xE32;&#xE23;&#xE04;&#xE38;&#xE49;&#xE21;&#xE04;&#xE23;&#xE2D;&#xE07;&#xE1C;&#xE39;&#xE49;&#xE43;&#xE0A;&#xE49;&#xE40;&#xE07;&#xE34;&#xE19;&#xE15;&#xE32;&#xE21;&#xE15;&#xE31;&#xE4B;&#xE27;.</subfield>
  </datafield>
  <datafield tag="650" ind1=" " ind2="4">
    <subfield code="a">&#xE01;&#xE0E;&#xE2B;&#xE21;&#xE32;&#xE22;&#xE41;&#xE1E;&#xE48;&#xE07;&#xE41;&#xE25;&#xE30;&#xE1E;&#xE32;&#xE13;&#xE34;&#xE0A;&#xE22;&#xE4C; </subfield>
    <subfield code="x">&#xE15;&#xE31;&#xE4B;&#xE27;&#xE40;&#xE07;&#xE34;&#xE19;</subfield>
    <subfield code="9">18911</subfield>
  </datafield>
  <datafield tag="850" ind1=" " ind2=" ">
    <subfield code="a">NALT</subfield>
  </datafield>
  <datafield tag="942" ind1=" " ind2=" ">
    <subfield code="c">LB</subfield>
    <subfield code="2">local</subfield>
  </datafield>
  <datafield tag="998" ind1=" " ind2=" ">
    <subfield code="b">&#xE27;&#xE34;&#xE20;&#xE32;&#xE27;&#xE23;&#xE23;&#xE13;  &#xE40;&#xE2A;&#xE47;&#xE07;&#xE08;&#xE35;&#xE19;</subfield>
    <subfield code="b">phon</subfield>
    <subfield code="a">phon</subfield>
    <subfield code="j">104</subfield>
    <subfield code="k"> &#xE19;&#xE32;&#xE07;&#xE2A;&#xE32;&#xE27;&#xE2A;&#xE32;&#xE22;&#xE1D;&#xE19;  &#xE14;&#xE35;&#xE07;&#xE32;&#xE21;</subfield>
  </datafield>
  <datafield tag="999" ind1=" " ind2=" ">
    <subfield code="c">67885</subfield>
    <subfield code="d">67885</subfield>
  </datafield>
  <datafield tag="952" ind1=" " ind2=" ">
    <subfield code="0">0</subfield>
    <subfield code="1">0</subfield>
    <subfield code="2">local</subfield>
    <subfield code="4">0</subfield>
    <subfield code="7">0</subfield>
    <subfield code="8">CLAW</subfield>
    <subfield code="a">NALT</subfield>
    <subfield code="b">NALT</subfield>
    <subfield code="d">2023-02-09</subfield>
    <subfield code="e">&#xE08;&#xE31;&#xE14;&#xE0B;&#xE37;&#xE49;&#xE2D;&#xE17;&#xE23;&#xE31;&#xE1E;&#xE22;&#xE32;&#xE01;&#xE23;</subfield>
    <subfield code="l">1</subfield>
    <subfield code="o">KS 48.1 &#xE2A;447&#xE2B; 2555</subfield>
    <subfield code="p">3961191776</subfield>
    <subfield code="r">2023-02-20 00:00:00</subfield>
    <subfield code="s">2023-02-09</subfield>
    <subfield code="w">2017-06-09</subfield>
    <subfield code="y">LB</subfield>
  </datafield>
</record>
